Quantum mechanics / (Record no. 15400)

MARC details
000 -LEADER
fixed length control field 01044cam a22003257i 4500
001 - ACCESSION NUMBER
control field 19318
003 - CONTROL NUMBER IDENTIFIER
control field CUTN
005 - DATE AND TIME OF LATEST TRANSACTION
control field 20150708164639.0
008 - FIXED-LENGTH DATA ELEMENTS--GENERAL INFORMATION
fixed length control field 130716t20132013si a b 001 0 eng d
010 ## - LIBRARY OF CONGRESS CONTROL NUMBER
LC control number 2012554961
015 ## - NATIONAL BIBLIOGRAPHY NUMBER
National bibliography number GBB2A2895
Source bnb
016 7# - NATIONAL BIBLIOGRAPHIC AGENCY CONTROL NUMBER
Record control number 016187189
Source Uk
020 ## - INTERNATIONAL STANDARD BOOK NUMBER
International Standard Book Number 9789814412902 (hbk.)
020 ## - INTERNATIONAL STANDARD BOOK NUMBER
International Standard Book Number 9814412902 (hbk.)
035 ## - SYSTEM CONTROL NUMBER
System control number (OCoLC)ocn812689154
040 ## - CATALOGING SOURCE
Original cataloging agency UKMGB
Language of cataloging eng
Transcribing agency UKMGB
Description conventions rda
Modifying agency OCLCO
-- YDXCP
-- CDX
-- BWX
-- CUS
-- IUL
-- DLC
042 ## - AUTHENTICATION CODE
Authentication code lccopycat
050 00 - LIBRARY OF CONGRESS CALL NUMBER
Classification number QC174.12
Item number .F39 2013
082 04 - DEWEY DECIMAL CLASSIFICATION NUMBER
Classification number 530.12
Edition number 23
100 0# - MAIN ENTRY--PERSONAL NAME
Personal name Fayyazuddin,
Dates associated with a name 1930-
Relator term author.
245 10 - TITLE STATEMENT
Title Quantum mechanics /
Statement of responsibility, etc Fayyazuddin, Riazuddin, National Centre for Physics.
250 ## - EDITION STATEMENT
Edition statement 2nd edition.
300 ## - PHYSICAL DESCRIPTION
Extent xvii, 545 pages :
Other physical details illustrations ;
Dimensions 23 cm
504 ## - BIBLIOGRAPHY, ETC. NOTE
Bibliography, etc Includes bibliographical references and index.
650 #0 - SUBJECT ADDED ENTRY--TOPICAL TERM
Topical term or geographic name as entry element Quantum theory.
700 0# - ADDED ENTRY--PERSONAL NAME
Personal name Riazuddin,
Relator term author.
906 ## - LOCAL DATA ELEMENT F, LDF (RLIN)
a 7
b cbc
c copycat
d 2
e ncip
f 20
g y-gencatlg
942 ## - ADDED ENTRY ELEMENTS (KOHA)
Source of classification or shelving scheme Dewey Decimal Classification
Koha item type General Books
Holdings
Date last seen Total Checkouts Total Renewals Full call number Barcode Date checked out Copy number Price effective from Koha item type Lost status Source of classification or shelving scheme Damaged status Not for loan Withdrawn status Home library Current library Shelving location Date acquired
15/09/2023 3 2 530.12 19318 31/08/2023 1 08/07/2015 General Books   Dewey Decimal Classification       CUTN Central Library CUTN Central Library Sciences 08/07/2015